Rafael (Record no. 45731)
[ view plain ]
| 000 -Etiqueta do registo | |
|---|---|
| Valores | 00553c a22001931 04500 |
| 100 ## - Dados gerais de processamento | |
| Dados gerais | 19891024d19 m y0pory5003 ba |
| 101 1# - Língua de publicação | |
| Língua | por |
| 102 ## - País de publicação | |
| País | PT |
| 200 1# - Titulo e menção de responsabilidade | |
| Título próprio | Rafael |
| Informação de outro título | páginas dos vinte anos |
| Primeira menção de responsabilidade | Lamartine |
| Outras menções de responsabilidade | trad. João Grave |
| 210 #9 - Publicação | |
| Local de publicação | Porto |
| Nome do editor | Livraria Chardron, de Lélo & Irmão |
| Data de publicação | [19--] |
| 215 ## - Descrição física | |
| Paginação / Volumes | XX, 231 p. |
| Outras indicações físicas | il. |
| Dimensões | 16 cm |
| 225 2# - Colecção | |
| Título próprio da colecção | Lusitânia |
| Indicação de volume | 21 |
| 675 ## - CDU | |
| Notação | 821.133.1-31 |
| 700 #1 - Autor principal | |
| Apelido | Lamartine, |
| Nome | Alphonse de, |
| Datas | 1790-1869 |
| 702 #1 - Autor secundário | |
| Apelido | Grave, |
| Nome | João, |
| Datas | 1872-1934 |
| Função | 730 |
| 801 #0 - Fonte de origem | |
| País | PT |
| Agência | BN |
| Regras de catalogação | RPC |
| 990 ## - Elementos KOHA | |
| Tipo de documento | Livro |
| Aquisição | Empréstimo | Código de barras | Cota | Permissão de empréstimo | Tipo de documento |
|---|---|---|---|---|---|
| Biblioteca Municipal de Redondo | Biblioteca Municipal de Redondo | 056465 | 821.133.1-3 LAM | Livro |